Score 0/24 Timer 03:00
0 Plays Today
Song Location % Correct
Sweet Home ________Alabama
93.3%
Viva ________Las Vegas
92.5%
I Left My Heart in ________San Francisco
71%
All My Exes Live In ________Texas
65.8%
Dani ________California
63.3%
Walking in ________Memphis
62%
________ CallingLondon
60%
________ Prison BluesFolsom
52.2%
Do You Know the Way to ______?San Jose
51.4%
________ Rock CityDetroit
49.7%
Anarchy in the ________U.K.
47.7%
Meet Me In ________St. Louis
46.6%
Song Location % Correct
Streets of ________Philadelphia
39.2%
Hello ________Seattle
38.9%
April in ________Paris
38.3%
________ SyndromeStockholm
26.3%
One Night in ________Bangkok
22.6%
________ BluesCumberland
17.8%
________ Vs. EverybodyDetroit
13.5%
________ WomanKentucky
13.2%
Goodnight ________Saigon
12.8%
________ ShakeHarlem
12.1%
First Snow on ________Brooklyn
8.4%
Heaven, Hell, or ________Houston
8.3%

Today's Daily Dose

Remove Ads.
Support Sporcle.
Get the best of Sporcle when you Go Orange. This ad-free experience offers more features, more stats, and more fun while also helping to support Sporcle. Thank you for becoming a member.

You're not logged in!

Compare scores with friends on all Sporcle quizzes.
OR
Log In

Show Comments

Extras

Top Quizzes Today


Score Distribution

Your Account Isn't Verified!

In order to create a playlist on Sporcle, you need to verify the email address you used during registration. Go to your Sporcle Settings to finish the process.

Report this User

Report this user for behavior that violates our Community Guidelines.

Details: